[Event "DEM U10/U10w 2014"]
[Site "Magdeburg GER"]
[Date "2014.06.08"]
[Round "1"]
[White "Keymer, Vincent"]
[Black "Ackermann, Richard"]
[Result "1-0"]
[Termination "normal"]
[Board "1"]
[WhiteElo "2036"]
[BlackElo "1239"]
[WhiteClock "01:05:31"]
[BlackClock "00:00:39"]
[PlyCount "42"]
[WhiteFideId "12940690"]
[BlackFideId "12987026"]
[EventCountry "GER"]
[EventRounds "11"]
[EventType "swiss"]
[EventDate "2014.06.07"]

1. c4 c5 2. Nc3 Nf6 3. g3 e5 4. Bg2 Nc6 5. d3 d6 6. Nf3 g6 7. O-O Bg7 8. Rb1
O-O 9. a3 a5 10. Bd2 Bd7 11. Ne1 Rb8 12. Nc2 Nd4 13. b4 axb4 14. axb4 b6 15. e3
Nxc2 16. Qxc2 Qc7 17. b5 Be6 18. Bc6 Bh3 19. Rfc1 Rbd8 20. Ra1 Nd7 21. Nd5 Nb8
1-0

[Event "DEM U10/U10w 2014"]
[Site "Magdeburg GER"]
[Date "2014.06.08"]
[Round "1"]
[White "Khamenya, Vitalia"]
[Black "Svane, Frederik"]
[Result "0-1"]
[Termination "normal"]
[Board "2"]
[WhiteElo "1230"]
[BlackElo "1801"]
[PlyCount "116"]
[WhiteFideId "12959260"]
[BlackFideId "12923044"]
[EventCountry "GER"]
[EventRounds "11"]
[EventType "swiss"]
[EventDate "2014.06.07"]

1. e4 c5 2. Nf3 e6 3. d4 cxd4 4. Nxd4 a6 5. Nc3 Qc7 6. Be3 Bb4 7. Qd3 Nf6 8. f3
d5 9. Bd2 dxe4 10. Nxe4 Bxd2+ 11. Qxd2 Nxe4 12. fxe4 O-O 13. Bd3 Rd8 14. Nb3
Nc6 15. O-O b6 16. Qg5 Qe5 17. Qh4 Bb7 18. Nd2 Qc5+ 19. Kh1 Ne5 20. Nb3 Qc7 21.
Qg3 Rd7 22. Rac1 Nxd3 23. Qxc7 Rxc7 24. cxd3 Rxc1 25. Rxc1 Rd8 26. Nd2 Rxd3 27.
Nf3 f6 28. Re1 e5 29. Kg1 Kf7 30. Kf2 Ke6 31. h3 Rd6 32. Ke3 Rc6 33. Kd3 b5 34.
Nd2 Rd6+ 35. Kc3 Rd4 36. Nb3 b4+ 37. Kc2 Bxe4+ 38. Rxe4 Rxe4 39. Nc5+ Kd5 40.
Nxe4 Kxe4 41. Kd2 Kd4 42. g3 f5 43. h4 f4 44. gxf4 exf4 45. Ke2 Ke4 46. h5 g5
47. hxg6 hxg6 48. b3 g5 49. Kd2 f3 50. Ke1 Ke3 51. Kf1 g4 52. a4 bxa3 53. b4 g3
54. b5 a2 55. bxa6 g2+ 56. Kg1 Kf4 57. a7 Kg3 58. a8=Q f2# 0-1

[Event "DEM U10/U10w 2014"]
[Site "Magdeburg GER"]
[Date "2014.06.08"]
[Round "1"]
[White "Weishäutel, Moritz"]
[Black "Hommer, Jeremy"]
[Result "1-0"]
[Termination "normal"]
[Board "3"]
[WhiteElo "1801"]
[BlackElo "1229"]
[WhiteClock "00:17:28"]
[BlackClock "00:17:36"]
[PlyCount "105"]
[WhiteFideId "12967300"]
[BlackFideId "12992577"]
[EventCountry "GER"]
[EventRounds "11"]
[EventType "swiss"]
[EventDate "2014.06.07"]

1. e4 c6 2. Nf3 d5 3. Nc3 dxe4 4. Nxe4 Nf6 5. Nxf6+ gxf6 6. d4 Bg4 7. Be3 e6 8.
h3 Bh5 9. g4 Bg6 10. Qd2 Be4 11. Bg2 Qd5 12. Qe2 Rg8 13. Rg1 h5 14. Nh4 Bxg2
15. Nxg2 f5 16. Nf4 Qa5+ 17. Bd2 Qb6 18. O-O-O Nd7 19. Nxe6 Be7 20. Rde1 fxe6
21. Qxe6 O-O-O 22. Qxe7 fxg4 23. hxg4 hxg4 24. Qe4 Qc7 25. Rxg4 Rgf8 26. Bg5
Nc5 27. dxc5 Rd5 28. Be7 Re8 29. Qe6+ Qd7 30. Qxd7+ Rxd7 31. Rge4 Rg8 32. Bd6
Rdd8 33. Re7 Rd7 34. Rxd7 Kxd7 35. Re7+ Kd8 36. Rxb7 Rg2 37. Bg3 Rg1+ 38. Kd2
Rb1 39. b3 a5 40. Ra7 Rh1 41. Rxa5 Rh7 42. Ra8+ Ke7 43. Ra7+ Ke6 44. Rxh7 Kd5
45. Bd6 Ke6 46. a4 Kd5 47. a5 Kd4 48. a6 Kd5 49. a7 Kd4 50. a8=Q Kd5 51. Rh5+
Ke6 52. Qf8 Kd7 53. Qe7+ 1-0

[Event "DEM U10/U10w 2014"]
[Site "Magdeburg GER"]
[Date "2014.06.08"]
[Round "1"]
[White "Schmidtmann, Samantha"]
[Black "Dobrikov, Marco"]
[Result "0-1"]
[Termination "normal"]
[Board "4"]
[WhiteElo "1403"]
[BlackElo "1695"]
[WhiteClock "00:16:34"]
[BlackClock "00:49:12"]
[PlyCount "76"]
[WhiteFideId "12956759"]
[BlackFideId "12950378"]
[EventCountry "GER"]
[EventRounds "11"]
[EventType "swiss"]
[EventDate "2014.06.07"]

1. e4 c5 2. Nf3 Nc6 3. d4 cxd4 4. Nxd4 Nf6 5. Nc3 e5 6. Nxc6 bxc6 7. Bc4 Bb4 8.
Qf3 O-O 9. Bg5 Be7 10. Bxf6 Bxf6 11. O-O Rb8 12. b3 Qa5 13. Rad1 Rd8 14. Rd6
Ba6 15. Bxa6 Qxa6 16. Rfd1 Rb7 17. Na4 Qa5 18. Qg4 Kf8 19. c3 Ke8 20. Qf5 Be7
21. R6d3 g6 22. Qh3 h5 23. Qe3 d6 24. f4 Rdd7 25. Qd2 Kd8 26. fxe5 Qxe5 27. Kh1
Kc8 28. c4 Rd8 29. c5 Rbd7 30. cxd6 Rxd6 31. Rxd6 Rxd6 32. Qc2 Qxe4 33. Qc1 Bg5
34. Qa1 Qe5 35. Nb2 Qxb2 36. h4 Bf4 37. g3 Rxd1+ 38. Qxd1 Bxg3 0-1

[Event "DEM U10/U10w 2014"]
[Site "Magdeburg GER"]
[Date "2014.06.08"]
[Round "1"]
[White "Trifan, Andrei Ioan"]
[Black "Breitzmann, Sander"]
[Result "1-0"]
[Termination "normal"]
[Board "5"]
[WhiteElo "1689"]
[BlackElo "1220"]
[WhiteClock "00:28:33"]
[PlyCount "63"]
[WhiteFideId "12967068"]
[BlackFideId "12987085"]
[EventCountry "GER"]
[EventRounds "11"]
[EventType "swiss"]
[EventDate "2014.06.07"]

1. e4 e5 2. Nf3 Nc6 3. Bc4 Bc5 4. c3 Nf6 5. d4 exd4 6. cxd4 Bb4+ 7. Bd2 Bxd2+
8. Nbxd2 O-O 9. O-O d5 10. exd5 Nxd5 11. Ne4 Nce7 12. Qb3 c6 13. Rfe1 h6 14.
Rad1 Rb8 15. Nc3 Bg4 16. Rd3 Qd7 17. Ne5 Qf5 18. h3 Bh5 19. g4 Qg5 20. Ne4 Qh4
21. Rg3 Nc8 22. gxh5 Ncb6 23. Rg4 Qe7 24. Qg3 Nxc4 25. Rxg7+ Kh8 26. Rg6 Kh7
27. Nf6+ Nxf6 28. Rg7+ Kh8 29. Ng6+ fxg6 30. Rexe7 g5 31. Qd3 Ne5 32. Rh7+ 1-0

[Event "DEM U10/U10w 2014"]
[Site "Magdeburg GER"]
[Date "2014.06.08"]
[Round "1"]
[White "Weihrauch, Jakob"]
[Black "Bergauz, Igal"]
[Result "0-1"]
[Termination "normal"]
[Board "6"]
[WhiteElo "1220"]
[BlackElo "1783"]
[WhiteClock "00:45:24"]
[BlackClock "00:48:10"]
[PlyCount "72"]
[WhiteFideId "16210115"]
[BlackFideId "12977284"]
[EventCountry "GER"]
[EventRounds "11"]
[EventType "swiss"]
[EventDate "2014.06.07"]

1. e4 c6 2. d4 d5 3. Nd2 dxe4 4. Nxe4 Bf5 5. Ng3 Bg6 6. h4 h6 7. Nf3 Nd7 8. h5
Bh7 9. Bd3 Bxd3 10. Qxd3 Ngf6 11. Bf4 e6 12. c3 Be7 13. O-O-O Qa5 14. Kb1 O-O
15. Ne4 Nxe4 16. Qxe4 Nf6 17. Qe5 Qb6 18. Bd2 a5 19. g4 Ba3 20. b3 Rfd8 21. Qg3
Ne4 22. Qh4 Nxd2+ 23. Rxd2 a4 24. b4 Ra5 25. g5 Rf5 26. Qg4 hxg5 27. Nxg5 Qb5
28. Ne4 Qd5 29. h6 g6 30. Rh5 Kh8 31. Rxf5 exf5 32. Qg1 Qxe4+ 33. Ka1 Re8 34.
Qb1 Qf3 35. Rd3 Qxf2 36. Rd1 Re2 0-1

[Event "DEM U10/U10w 2014"]
[Site "Magdeburg GER"]
[Date "2014.06.08"]
[Round "1"]
[White "Nguyen, Alex Dac-Vuong"]
[Black "Schönweiler, Elisabeth"]
[Result "0-1"]
[Termination "normal"]
[Board "7"]
[WhiteElo "1812"]
[BlackElo "1217"]
[PlyCount "52"]
[WhiteFideId "12984388"]
[BlackFideId "12997005"]
[EventCountry "GER"]
[EventRounds "11"]
[EventType "swiss"]
[EventDate "2014.06.07"]

1. e4 c5 2. Nf3 d6 3. d4 cxd4 4. Nxd4 Nf6 5. Nc3 g6 6. Be3 Bg7 7. f3 O-O 8. Qd2
Nc6 9. O-O-O Nxd4 10. Bxd4 Be6 11. Kb1 Qc7 12. h4 h5 13. g4 Rfc8 14. gxh5 Nxh5
15. Bxg7 Kxg7 16. Bh3 Bxh3 17. Rxh3 Rh8 18. f4 Raf8 19. f5 Qc8 20. Rhh1 Qc6 21.
Rdg1 Rfg8 22. Qd4+ f6 23. Nd5 Kf8 24. Rxg6 Rg7 25. Rhg1 Qc5 26. Qa4 Qxg1+ 0-1

[Event "DEM U10/U10w 2014"]
[Site "Magdeburg GER"]
[Date "2014.06.08"]
[Round "1"]
[White "Mailitis, Ricardo"]
[Black "Gelfenbaum, Daniel"]
[Result "1-0"]
[Termination "time forfeit"]
[Board "8"]
[WhiteElo "1205"]
[BlackElo "1719"]
[PlyCount "46"]
[WhiteFideId "12977535"]
[BlackFideId "12965634"]
[EventCountry "GER"]
[EventRounds "11"]
[EventType "swiss"]
[EventDate "2014.06.07"]

1. e4 c6 2. c4 e6 3. Nf3 Be7 4. Nc3 d5 5. exd5 cxd5 6. cxd5 Nf6 7. Bb5+ Bd7 8.
Bc4 O-O 9. O-O Qc7 10. Qb3 e5 11. Re1 Bd6 12. Ne4 Nxe4 13. Rxe4 Kh8 14. d4 f5
15. Rh4 Be7 16. Bg5 Bxg5 17. Nxg5 h6 18. Nf7+ Kh7 19. Nxe5 a6 20. Qg3 g5 21.
Qxg5 Qd6 22. Re1 Rg8 23. Qh5 Be8 1-0

[Event "DEM U10/U10w 2014"]
[Site "Magdeburg GER"]
[Date "2014.06.08"]
[Round "1"]
[White "Li, Simon"]
[Black "Kunisch, Nina"]
[Result "1-0"]
[Termination "normal"]
[Board "9"]
[WhiteElo "1814"]
[BlackElo "1201"]
[PlyCount "41"]
[WhiteFideId "12972134"]
[BlackFideId "12982849"]
[EventCountry "GER"]
[EventRounds "11"]
[EventType "swiss"]
[EventDate "2014.06.07"]

1. e4 e5 2. Nf3 Nc6 3. Bc4 Nf6 4. Ng5 d5 5. exd5 Na5 6. Bb5+ c6 7. dxc6 bxc6 8.
Bd3 Be7 9. O-O O-O 10. Nc3 Bb7 11. b3 c5 12. Qe2 Qd4 13. Bb2 Nd5 14. Nxd5 Qxd5
15. Be4 Qd6 16. Bxe5 Qa6 17. Bxh7+ Kh8 18. Qh5 Qh6 19. Qxh6 f6 20. Qh5 Rfd8 21.
Nf7# 1-0

[Event "DEM U10/U10w 2014"]
[Site "Magdeburg GER"]
[Date "2014.06.08"]
[Round "1"]
[White "Glinzner, Alva"]
[Black "Krastev, Alexander"]
[Result "0-1"]
[Termination "normal"]
[Board "10"]
[WhiteElo "1194"]
[BlackElo "1599"]
[PlyCount "124"]
[WhiteFideId "16206169"]
[BlackFideId "12989983"]
[EventCountry "GER"]
[EventRounds "11"]
[EventType "swiss"]
[EventDate "2014.06.07"]

1. e4 e5 2. Nf3 Nc6 3. d4 exd4 4. Nxd4 Bc5 5. Be3 Qf6 6. c3 Nge7 7. Bc4 d6 8.
O-O Bb6 9. b4 O-O 10. Na3 Be6 11. Be2 Qg6 12. Bf3 Ne5 13. Re1 Bd7 14. Nb1 Rae8
15. Nd2 Nxf3+ 16. Qxf3 Nc6 17. Nxc6 Bxc6 18. Bxb6 axb6 19. Re3 f5 20. exf5 Rxe3
21. fxg6 Rexf3 22. Nxf3 Bxf3 23. gxf3 hxg6 24. Kg2 Kf7 25. Re1 Re8 26. Rxe8
Kxe8 27. Kg3 Kf7 28. Kf4 Kf6 29. Kg4 g5 30. f4 gxf4 31. Kxf4 d5 32. h4 c6 33.
a4 Kg6 34. Kg4 Kh6 35. f4 Kg6 36. h5+ Kh6 37. Kh4 c5 38. b5 c4 39. Kg3 d4 40.
Kf3 d3 41. Ke3 Kxh5 42. Kf3 Kh4 43. Kf2 Kg4 44. Ke3 Kg3 45. Kd4 d2 46. Kxc4
d1=Q 47. Kb4 Kxf4 48. Kc4 Qxa4+ 49. Kd5 Qxb5+ 50. Ke6 Qc4+ 51. Ke7 Qxc3 52. Kd6
Qe5+ 53. Kd7 Kf5 54. Kd8 Qe6 55. Kc7 Qc6+ 56. Kd8 Qd6+ 57. Kc8 Ke6 58. Kxb7 b5
59. Ka7 Kd7 60. Kb7 b4 61. Ka7 Kc7 62. Ka8 Qa6# 0-1

[Event "DEM U10/U10w 2014"]
[Site "Magdeburg GER"]
[Date "2014.06.08"]
[Round "1"]
[White "Post, Hugo"]
[Black "Kurzweil, Nalani"]
[Result "1-0"]
[Termination "normal"]
[Board "11"]
[WhiteElo "1682"]
[BlackElo "1194"]
[PlyCount "55"]
[WhiteFideId "12962490"]
[BlackFideId "12985694"]
[EventCountry "GER"]
[EventRounds "11"]
[EventType "swiss"]
[EventDate "2014.06.07"]

1. e4 c5 2. Nf3 Nc6 3. d4 cxd4 4. Nxd4 e6 5. Be3 Nf6 6. Nd2 Bb4 7. c3 Ba5 8.
Be2 Bc7 9. O-O b6 10. f4 e5 11. Nf5 Rg8 12. b4 exf4 13. Bxf4 Bxf4 14. Rxf4 d5
15. Bb5 Qc7 16. Nxg7+ Rxg7 17. Rxf6 Bd7 18. exd5 Ne5 19. Bxd7+ Qxd7 20. Qe2 Qe7
21. Rf5 f6 22. Ne4 Rg6 23. Nxf6+ Kd8 24. Rxe5 Qxf6 25. Re8+ Kd7 26. Rxa8 Qxc3
27. Rxa7+ Kc8 28. Qe8# 1-0

[Event "DEM U10/U10w 2014"]
[Site "Magdeburg GER"]
[Date "2014.06.08"]
[Round "1"]
[White "Ewerhardy, Moritz"]
[Black "Bethke, Richard"]
[Result "1/2-1/2"]
[Termination "normal"]
[Board "12"]
[WhiteElo "1190"]
[BlackElo "1627"]
[PlyCount "44"]
[WhiteFideId "36052086"]
[BlackFideId "12959243"]
[EventCountry "GER"]
[EventRounds "11"]
[EventType "swiss"]
[EventDate "2014.06.07"]

1. e4 e5 2. Nf3 Nc6 3. Bc4 Nf6 4. d3 Bc5 5. Nc3 d6 6. Bd2 a6 7. a3 b5 8. Bb3
Bb7 9. O-O O-O 10. Bg5 Kh8 11. Nd5 h6 12. Bh4 Nd4 13. Nxf6 gxf6 14. Nxd4 Bxd4
15. Qf3 Kg7 16. c3 Bc5 17. Qg4+ Kh7 18. Qh5 d5 19. Qf5+ Kg7 20. Qg4+ Kh8 21.
Qh5 Kg7 22. Qg4+ Kh8 1/2-1/2

[Event "DEM U10/U10w 2014"]
[Site "Magdeburg GER"]
[Date "2014.06.08"]
[Round "1"]
[White "Wu, Leon"]
[Black "Neumann, Konstantina"]
[Result "1-0"]
[Termination "normal"]
[Board "13"]
[WhiteElo "1568"]
[BlackElo "1183"]
[PlyCount "45"]
[WhiteFideId "12977438"]
[BlackFideId "16200543"]
[EventCountry "GER"]
[EventRounds "11"]
[EventType "swiss"]
[EventDate "2014.06.07"]

1. e4 e5 2. Nf3 Nc6 3. Bb5 Bc5 4. O-O Nf6 5. d3 d6 6. Be3 Bb6 7. Nbd2 O-O 8.
Re1 Bg4 9. c3 d5 10. h3 d4 11. Bg5 Bh5 12. g4 dxc3 13. bxc3 Bg6 14. Bxc6 bxc6
15. Nxe5 Qd6 16. Ndc4 Qe6 17. Qa4 Nxe4 18. dxe4 f6 19. Nxg6 hxg6 20. Be3 f5 21.
Nxb6 axb6 22. exf5 Qxe3 23. Qb3+ 1-0

[Event "DEM U10/U10w 2014"]
[Site "Magdeburg GER"]
[Date "2014.06.08"]
[Round "1"]
[White "Bardorz, Jana"]
[Black "Hinrichs, Paul"]
[Result "0-1"]
[Termination "normal"]
[Board "14"]
[WhiteElo "1175"]
[BlackElo "1532"]
[PlyCount "98"]
[WhiteFideId "16208897"]
[BlackFideId "12942545"]
[EventCountry "GER"]
[EventRounds "11"]
[EventType "swiss"]
[EventDate "2014.06.07"]

1. e4 e5 2. Nf3 Nc6 3. Bb5 a6 4. Bxc6 dxc6 5. O-O Bg4 6. h3 Bh5 7. d3 Bd6 8.
Be3 Nf6 9. Bg5 O-O 10. Re1 Re8 11. c3 h6 12. Bh4 Bg6 13. d4 exd4 14. e5 d3 15.
exf6 Rxe1+ 16. Qxe1 gxf6 17. Nbd2 Kg7 18. Ne4 Be7 19. Rd1 Qd5 20. Ned2 Bd6 21.
c4 Qf5 22. Nd4 Qd7 23. Ne4 Be5 24. Rxd3 Re8 25. Qe3 Bxe4 26. Qxe4 Bh2+ 27. Kxh2
Rxe4 28. Rg3+ Kh7 29. Bxf6 Qd6 30. Nf5 Qxf6 31. f3 Re2 32. Rg7+ Qxg7 33. Nxg7
Kxg7 34. b4 Rxa2 35. Kg3 b5 36. c5 Ra4 37. f4 Rxb4 38. f5 a5 39. Kf3 a4 40. g4
Rc4 41. Ke3 a3 42. Kd3 a2 43. Kd2 a1=Q 44. h4 Qb2+ 45. Kd3 Qc3+ 46. Ke2 Ra4 47.
f6+ Kf8 48. g5 Ra2+ 49. Kd1 Qa1# 0-1

[Event "DEM U10/U10w 2014"]
[Site "Magdeburg GER"]
[Date "2014.06.08"]
[Round "1"]
[White "Hommel, Niclas"]
[Black "Stockmann, Till"]
[Result "1-0"]
[Termination "normal"]
[Board "15"]
[WhiteElo "1575"]
[BlackElo "1162"]
[PlyCount "63"]
[WhiteFideId "12974927"]
[BlackFideId "12979341"]
[EventCountry "GER"]
[EventRounds "11"]
[EventType "swiss"]
[EventDate "2014.06.07"]

1. e4 e5 2. Nf3 Nc6 3. Bb5 a6 4. Ba4 Nf6 5. O-O Nxe4 6. Bxc6 bxc6 7. Re1 d5 8.
d3 Nf6 9. Nxe5 Be6 10. Nxc6 Qd6 11. Ne5 Be7 12. Bf4 Qb6 13. Qc1 O-O 14. Be3 Qb7
15. d4 Rac8 16. Nd2 c5 17. Nb3 c4 18. Nd2 c3 19. bxc3 Rxc3 20. Nb3 Rfc8 21. Nc5
Bxc5 22. dxc5 Ne4 23. Bd4 Rc4 24. Nxc4 dxc4 25. c3 Bd5 26. f3 Nf6 27. Rb1 Qc6
28. Rb6 Qd7 29. Qg5 Kh8 30. Rxf6 Rg8 31. Rh6 f6 32. Rxh7+ 1-0

[Event "DEM U10/U10w 2014"]
[Site "Magdeburg GER"]
[Date "2014.06.08"]
[Round "1"]
[White "Gericke, Luis"]
[Black "Bui, Bao Anh Le"]
[Result "0-1"]
[Termination "normal"]
[Board "16"]
[WhiteElo "1161"]
[BlackElo "1551"]
[PlyCount "120"]
[WhiteFideId "16212525"]
[BlackFideId "12970719"]
[EventCountry "GER"]
[EventRounds "11"]
[EventType "swiss"]
[EventDate "2014.06.07"]

1. e4 c5 2. Nf3 d6 3. d4 cxd4 4. Nxd4 Nf6 5. Nc3 a6 6. Bd3 e5 7. Nf3 Be7 8. O-O
h6 9. h3 Be6 10. Be3 Nbd7 11. Re1 O-O 12. Qe2 Qc7 13. Rad1 b5 14. Qd2 Nb6 15.
Bxb6 Qxb6 16. Qe3 Qxe3 17. Rxe3 Nh5 18. Nd5 Bxd5 19. exd5 Nf4 20. Be2 Bd8 21.
Rd2 Ba5 22. c3 Bb6 23. Re4 Bc5 24. Bf1 f5 25. Re1 b4 26. g3 Nh5 27. Kh2 a5 28.
c4 a4 29. Bg2 Bb6 30. Ree2 Rfc8 31. Rc2 Rc7 32. Nd2 Rac8 33. g4 Nf4 34. Re1 g6
35. f3 b3 36. axb3 axb3 37. Rcc1 Nd3 38. Rb1 Nxe1 39. Rxe1 Ba5 40. Re2 Bxd2 41.
Rxd2 Rxc4 42. gxf5 gxf5 43. Kg3 Rc2 44. Rd1 Rxb2 45. Bf1 Ra2 46. Rb1 b2 47. Bd3
Rc1 48. Bxf5 Rxb1 49. Bxb1 Ra1 50. Bd3 b1=Q 51. Bxb1 Rxb1 52. f4 exf4+ 53. Kxf4
Rh1 54. Kf5 Kf7 55. Kg4 Rd1 56. Kh5 Rxd5+ 57. Kxh6 Kf6 58. h4 Re5 59. h5 Kf7
60. Kh7 Rxh5# 0-1

[Event "DEM U10/U10w 2014"]
[Site "Magdeburg GER"]
[Date "2014.06.08"]
[Round "1"]
[White "Kosev, Momchil"]
[Black "Basovskiy, Jana"]
[Result "1-0"]
[Termination "normal"]
[Board "17"]
[WhiteElo "1483"]
[BlackElo "1157"]
[PlyCount "57"]
[WhiteFideId "12975982"]
[BlackFideId "16208617"]
[EventCountry "GER"]
[EventRounds "11"]
[EventType "swiss"]
[EventDate "2014.06.07"]

1. Nf3 d6 2. d4 Nf6 3. g3 Nc6 4. Bg2 e5 5. dxe5 dxe5 6. Qxd8+ Kxd8 7. O-O Bf5
8. c3 Bd6 9. Bg5 Ke7 10. Nh4 Bg6 11. Nxg6+ hxg6 12. Nd2 Rh5 13. h4 Ke6 14. Bh3+
Ke7 15. Bg4 Rh7 16. Ne4 Rah8 17. Kg2 Rd8 18. Rad1 Nb8 19. Rd5 Nbd7 20. Rfd1 Nb6
21. R5d3 Rhh8 22. Rf3 Nbd7 23. Bxd7 Rxd7 24. Nxf6 gxf6 25. Bxf6+ Ke6 26. Bxh8
f5 27. Re3 Rh7 28. Bxe5 Bxe5 29. f4 1-0

[Event "DEM U10/U10w 2014"]
[Site "Magdeburg GER"]
[Date "2014.06.08"]
[Round "1"]
[White "Zeuner, Ole"]
[Black "Brunner, Sophia"]
[Result "1-0"]
[Termination "normal"]
[Board "18"]
[WhiteElo "1154"]
[BlackElo "1339"]
[PlyCount "45"]
[WhiteFideId "12943576"]
[BlackFideId "12960683"]
[EventCountry "GER"]
[EventRounds "11"]
[EventType "swiss"]
[EventDate "2014.06.07"]

1. e4 Nf6 2. Nc3 e5 3. Nf3 Nc6 4. Be2 Bc5 5. O-O d6 6. Bc4 O-O 7. d3 Bg4 8. h3
Bh5 9. g4 Bg6 10. Bg5 h6 11. Bh4 Bh7 12. Qd2 Nd4 13. Nxd4 Bxd4 14. Rab1 a6 15.
Nd5 b5 16. Bb3 a5 17. c3 a4 18. Nxf6+ gxf6 19. Bd5 Bb6 20. Bxa8 Qxa8 21. Qxh6
c5 22. Bxf6 Bg6 23. Qh8# 1-0

[Event "DEM U10/U10w 2014"]
[Site "Magdeburg GER"]
[Date "2014.06.08"]
[Round "1"]
[White "Asadzade, Idris"]
[Black "Doan, Lam Phuc"]
[Result "1-0"]
[Termination "normal"]
[Board "19"]
[WhiteElo "1448"]
[BlackElo "1145"]
[PlyCount "115"]
[WhiteFideId "12997285"]
[EventCountry "GER"]
[EventRounds "11"]
[EventType "swiss"]
[EventDate "2014.06.07"]

1. d4 d5 2. c4 e6 3. Nc3 Nf6 4. Bg5 Be7 5. e3 Nc6 6. Nf3 Bd7 7. cxd5 Nxd5 8.
Bxe7 Qxe7 9. Rc1 O-O-O 10. Nxd5 exd5 11. Qc2 f6 12. Be2 Bg4 13. O-O g6 14. h3
Bf5 15. Qa4 Qb4 16. Qxb4 Nxb4 17. a3 Nd3 18. Bxd3 Bxd3 19. Rfd1 Be4 20. Rc3
Bxf3 21. gxf3 Rhe8 22. Rdc1 c6 23. b4 a6 24. a4 Kb8 25. Rb1 Rc8 26. Kg2 Ka7 27.
Kg3 Rf8 28. f4 g5 29. f5 h5 30. Rh1 Rce8 31. f3 Rf7 32. Kf2 h4 33. Rb1 b5 34.
axb5 axb5 35. Rxc6 Rfe7 36. Rb3 Rf8 37. Rd6 Rc7 38. Rb2 Rc1 39. Rxd5 Rh1 40.
Kg2 Re1 41. e4 Kb6 42. Rc5 Rd8 43. d5 Rd6 44. Rc8 Ra1 45. Rcc2 Ra4 46. Re2 Ra8
47. Rbd2 Re8 48. Re3 Rc8 49. e5 fxe5 50. Rxe5 Rf8 51. Re6 Rxe6 52. fxe6 Kc7 53.
d6+ Kc6 54. d7 Rd8 55. e7 Rxd7 56. e8=Q Kb7 57. Rxd7+ Ka6 58. Qe6# 1-0

[Event "DEM U10/U10w 2014"]
[Site "Magdeburg GER"]
[Date "2014.06.08"]
[Round "1"]
[White "Rudolph, Eva"]
[Black "Deleré, Adrian"]
[Result "1-0"]
[Termination "normal"]
[Board "20"]
[WhiteElo "1129"]
[BlackElo "1447"]
[PlyCount "97"]
[WhiteFideId "16200594"]
[BlackFideId "12990400"]
[EventCountry "GER"]
[EventRounds "11"]
[EventType "swiss"]
[EventDate "2014.06.07"]

1. e4 e5 2. Nf3 Nc6 3. d4 exd4 4. Bc4 Bc5 5. c3 Nf6 6. e5 d5 7. Bb5 Ne4 8. Nxd4
Bd7 9. Bxc6 bxc6 10. O-O O-O 11. f3 Ng5 12. f4 Ne4 13. Be3 f6 14. Nd2 fxe5 15.
fxe5 Nxd2 16. Qxd2 Qe7 17. Nf3 Bxe3+ 18. Qxe3 c5 19. Rad1 Be6 20. Qd3 c4 21.
Qc2 Bf5 22. Qd2 Rad8 23. Nd4 Be4 24. Nc6 Qc5+ 25. Nd4 Qb6 26. a4 a6 27. a5 Qxa5
28. Kh1 Qb6 29. Qg5 c5 30. Nf5 Bxf5 31. Rxf5 Rxf5 32. Qxf5 Rf8 33. Qd7 Rd8 34.
Qe7 d4 35. cxd4 cxd4 36. e6 Qb8 37. Qf7+ Kh8 38. e7 Re8 39. Rf1 h6 40. Qxe8+
Qxe8 41. Rf8+ Kh7 42. Rxe8 d3 43. Rd8 c3 44. bxc3 a5 45. Rxd3 a4 46. e8=Q a3
47. Qe4+ Kg8 48. Qf5 a2 49. Rd8# 1-0

[Event "DEM U10/U10w 2014"]
[Site "Magdeburg GER"]
[Date "2014.06.08"]
[Round "1"]
[White "Ziegenfuß, Antonia"]
[Black "Sinnhöfer, Lilian"]
[Result "1-0"]
[Termination "normal"]
[Board "21"]
[WhiteElo "1705"]
[BlackElo "1128"]
[PlyCount "73"]
[WhiteFideId "12962554"]
[BlackFideId "12977586"]
[EventCountry "GER"]
[EventRounds "11"]
[EventType "swiss"]
[EventDate "2014.06.07"]

1. Nc3 Nf6 2. e4 e5 3. Bc4 Bb4 4. d3 Nc6 5. Bg5 d6 6. Bxf6 Qxf6 7. Nge2 Nd4 8.
a3 Ba5 9. b4 Bb6 10. O-O Qg6 11. Kh1 Bg4 12. f3 Bd7 13. Nd5 Rc8 14. Nxb6 axb6
15. Qd2 b5 16. Ba2 Nxe2 17. Qxe2 O-O 18. f4 Bg4 19. Qd2 exf4 20. Rxf4 Be6 21.
Bxe6 Qxe6 22. Raf1 Qh6 23. Qf2 f6 24. Qg3 Qg5 25. Rg4 Qh6 26. Rff4 g6 27. h3
Kh8 28. Rf1 Qd2 29. Rf2 Qc1+ 30. Kh2 Ra8 31. Qh4 Qa1 32. Rxg6 Qe5+ 33. g3 f5
34. Rg5 Qd4 35. Rf4 Qe3 36. Qxh7+ Kxh7 37. Rh4# 1-0

[Event "DEM U10/U10w 2014"]
[Site "Magdeburg GER"]
[Date "2014.06.08"]
[Round "1"]
[White "Pflugradt, Natalie"]
[Black "Musiolik, David"]
[Result "0-1"]
[Termination "normal"]
[Board "22"]
[WhiteElo "1127"]
[BlackElo "1435"]
[PlyCount "102"]
[WhiteFideId "16212444"]
[BlackFideId "12972355"]
[EventCountry "GER"]
[EventRounds "11"]
[EventType "swiss"]
[EventDate "2014.06.07"]

1. e4 e6 2. d3 Ne7 3. Nd2 d5 4. g3 b6 5. Bg2 Bb7 6. Ne2 Nd7 7. O-O g6 8. Re1
Bg7 9. Nf1 O-O 10. h3 Nc5 11. f3 Qd7 12. Nh2 Rad8 13. Ng4 dxe4 14. fxe4 Bxe4
15. Bxe4 Nxe4 16. Kh2 f5 17. Nh6+ Kh8 18. Rf1 g5 19. Nxf5 exf5 20. Rb1 h6 21.
Be3 Nd6 22. Qd2 Nc4 23. Qc1 Nxe3 24. Qxe3 Nd5 25. Qd2 c5 26. c4 Nb4 27. Nc1
Nxd3 28. Nxd3 Qxd3 29. Qxd3 Rxd3 30. Rbd1 Rxd1 31. Rxd1 Bd4 32. Kg2 Re8 33. Rd2
Kg7 34. h4 g4 35. Kh2 h5 36. Kh1 Re1+ 37. Kg2 Rb1 38. b3 Rb2 39. Rxb2 Bxb2 40.
Kf2 Be5 41. Kg2 Kf6 42. Kh2 Bxg3+ 43. Kxg3 Ke5 44. Kf2 Ke4 45. Kg2 Ke3 46. Kf1
g3 47. Kg2 f4 48. Kf1 f3 49. Kg1 f2+ 50. Kf1 Kf3 51. a4 g2# 0-1

[Event "DEM U10/U10w 2014"]
[Site "Magdeburg GER"]
[Date "2014.06.08"]
[Round "1"]
[White "Wu, Luka"]
[Black "Diderle, Konstantin"]
[Result "1-0"]
[Termination "normal"]
[Board "23"]
[WhiteElo "1433"]
[BlackElo "1103"]
[PlyCount "81"]
[WhiteFideId "12977420"]
[BlackFideId "12965197"]
[EventCountry "GER"]
[EventRounds "11"]
[EventType "swiss"]
[EventDate "2014.06.07"]

1. e4 c5 2. Nf3 d6 3. d4 cxd4 4. Nxd4 Nf6 5. Nc3 e5 6. Nf3 a6 7. Bc4 b5 8. Bb3
Bb7 9. Ng5 d5 10. Nxd5 Nxd5 11. exd5 Bd6 12. Qh5 g6 13. Qf3 f5 14. Ne6 Qe7 15.
Bg5 Qf7 16. Qe3 Nd7 17. O-O f4 18. Qh3 Rc8 19. Rfe1 h5 20. Nxf4 O-O 21. Qe6 Kg7
22. Qxf7+ Rxf7 23. Ne6+ Kg8 24. Rac1 Nc5 25. Nxc5 Bxc5 26. Bh4 g5 27. d6 gxh4
28. Bxf7+ Kxf7 29. g3 Bxd6 30. c3 h3 31. Rcd1 Ke6 32. Rd2 h4 33. Red1 Bc5 34.
Rd8 Rc7 35. b4 Bb6 36. R8d6+ Kf5 37. Rxb6 hxg3 38. fxg3 Bf3 39. Rd3 e4 40. Rd5+
Kg4 41. Rg6# 1-0